000 00748nam a2200205Ia 4500
999 _c34512
_d34512
001 262
003 GE_BSU
005 20220927152814.0
008 181216s2010||||ge |||||||||||||| ||geo||
020 _a9789941902925.
040 _cGE_BSU
041 _ageo
080 _a341 ა-48
100 _aალექსიძე, ლევან
_914857
245 _aთანამედროვე საერთაშორისო სამართალი /
_cლევან ალექსიძე ; [რედ. კ. კორკელია.].
264 _aთბილისი :
_bინოვაცია,
_c2010.
300 _a330 გვ.
653 _aსართაშორისო სამართალი
942 _cBK
_2udc